Música da MPB por trecho - Statistics

Estatísticas Gerais
  • Esse quiz foi jogado 971 vezes
  • A pontuação média é 6 de 17
Estatísticas das Respostas
Dica Resposta % Correto
"Nossos destinos foram traçados na maternidade" Exagerado - Cazuza
81%
"É pau, é pedra, é o fim do caminho" Águas de Março - Tom Jobim
79%
"Quem sabe ainda sou uma garotinha" Malandragem - Cássia Eller
78%
"Eu perguntei, a Deus do céu, por que tamanha judiação" Asa Branca - Luiz Gonzaga
63%
"Seu olhar mata mais que tiro de carabina" Tiro ao Álvaro - Elis Regina
61%
"Ergueu no patamar quatro paredes sólidas" Construção - Chico Buarque
55%
"E tenho comigo pensado, Deus é brasileiro e anda do meu lado" Sujeito de Sorte - Belchior
37%
"Valei-me Deis, é o fim do nosso amor" Flor de Lis - Djavan
31%
"Eu sou a luz das estrelas, eu sou a cor do luar" Gita - Raul Seixas
29%
"De todo amor tu herdarás só o cinismo" O Mundo é um Moinho - Cartola
28%
"Chora, não vou ligar, chegou a hora, vais me pagar" Vou Festejar - Beth Carvalho
28%
"Vai, minha tristeza, e diz a ela que sem ela não pode ser" Chega de Saudade - João Gilberto
26%
"Que a fé tá na mulher, a fé tá na cobra coral" Andar com Fé - Gilberto Gil
15%
"Atenção, tudo é perigoso" Divino Maravilhoso - Gal Costa
15%
"Na janela lateral do quarto de dormir" Paisagem da Janela - Lô Borges
10%
"Há quem diga que eu dormi de touca" Eu quero é botar meu bloco na rua - Sergio Sampaio
9%
"Mas as pessoas da sala de jantar" Panis et Circencis - Mutantes
3%
Nenhum quiz correspondente encontrado
Distribuição das Pontuações
Porcentagem de Pessoas com Cada Pontuação
Percentil de Números Respondidos
Sua Pontuação Histórica
Você não jogou esse quiz